000 00587nam a2200193Ia 4500
005 20260120130842.0
008 008 260114s9999 xx 000 0 eng d
020 _a9780199949427
037 _aEBOOK
040 _aCRL
_beng
_cCRL
041 _aeng
_2eng
084 _qCRL
100 _aAmin, Assaad, al-Baharna, Dervis, Desai, Dhillon, Galal, Ghanem, Graham, Kaufmann
_9919975
245 0 _aAfter the Spring
260 _bOxford University PressOxford University Press
_c2012
856 _uhttps://academic.oup.com/book/7070
942 _cEBOOK
999 _c1511881
_d1511881